[Event "PRO League Group Stage"]
[Site "chess.com INT"]
[Date "2018.02.04"]
[Round "4"]
[White "Zhou, Yang-Fan"]
[Black "Grigoriants, Sergey"]
[Result "1/2-1/2"]
[WhiteTitle "IM"]
[BlackTitle "GM"]
[WhiteElo "2449"]
[BlackElo "2568"]
[WhiteTeam "London Lions"]
[BlackTeam "Volga Stormbringers"]
[WhiteFideId "468584"]
[BlackFideId "4130804"]
[EventDate "2018.01.18"]

1. e4 e5 2. Nf3 Nc6 3. Bc4 Bc5 4. c3 Nf6 5. d3 O-O 6. Nbd2 a6 7. h3 d6 8. Bb3
Re8 9. Qe2 d5 10. Nf1 dxe4 11. dxe4 Be6 12. Ng3 Bxb3 13. axb3 Qd7 14. b4 Bf8 15.
Bg5 Qe6 16. O-O 1/2-1/2

[Event "PRO League Group Stage"]
[Site "chess.com INT"]
[Date "2018.02.04"]
[Round "4"]
[White "Gupta, Abhijeet"]
[Black "Olafsson, Helgi"]
[Result "1-0"]
[WhiteTitle "GM"]
[BlackTitle "GM"]
[WhiteElo "2610"]
[BlackElo "2508"]
[WhiteTeam "Delhi Dynamite"]
[BlackTeam "Reykjavik Puffins"]
[WhiteFideId "5010608"]
[BlackFideId "2300010"]
[EventDate "2018.01.18"]

1. d4 Nf6 2. c4 g6 3. Nc3 d5 4. Nf3 Bg7 5. cxd5 Nxd5 6. e4 Nxc3 7. bxc3 c5 8.
Bb5+ Bd7 9. Be2 O-O 10. O-O Qa5 11. Bd2 Qa4 12. Rb1 b6 13. Bg5 Re8 14. Qd2 Na6
15. Bh6 Bh8 16. Qf4 cxd4 17. cxd4 Rec8 18. Qh4 f6 19. Bd1 Qa5 20. Bb3+ e6 21. e5
Rc3 22. Bd2 1-0

[Event "PRO League Group Stage"]
[Site "chess.com INT"]
[Date "2018.02.04"]
[Round "4"]
[White "Gupta, Abhijeet"]
[Black "Lenic, Luka"]
[Result "1/2-1/2"]
[WhiteTitle "GM"]
[BlackTitle "GM"]
[WhiteElo "2610"]
[BlackElo "2662"]
[WhiteTeam "Delhi Dynamite"]
[BlackTeam "Ljubljana Turtles"]
[WhiteFideId "5010608"]
[BlackFideId "14603853"]
[EventDate "2018.01.18"]

1. Nf3 Nf6 2. g3 d5 3. Bg2 e6 4. O-O Be7 5. c4 O-O 6. d4 c6 7. Qc2 b6 8. Nbd2
Bb7 9. e4 Na6 10. a3 c5 11. exd5 exd5 12. dxc5 Nxc5 13. b4 Ne6 14. cxd5 Bxd5 15.
Bb2 Rc8 16. Qf5 g6 17. Qe5 Qc7 18. Rac1 Qb7 19. Rfe1 Rxc1 20. Rxc1 h5 21. h3 Rc8
22. Rxc8+ Qxc8 23. Nf1 Bf8 24. Qe1 Qb7 25. Qd1 Bg7 26. Ne3 Be4 27. b5 a6 28. a4
axb5 29. axb5 Nd5 30. Nxd5 Bxd5 31. Bxg7 Kxg7 32. Qa1+ Kg8 33. Qf6 Be4 34. h4
Bd5 35. Kh2 Be4 36. Kg1 Bd5 37. Kh2 Be4 1/2-1/2

[Event "PRO League Group Stage"]
[Site "chess.com INT"]
[Date "2018.02.04"]
[Round "4"]
[White "Spoelman, Wouter"]
[Black "Volodin, Aleksandr"]
[Result "1-0"]
[WhiteTitle "GM"]
[BlackTitle "GM"]
[WhiteElo "2578"]
[BlackElo "2462"]
[WhiteTeam "Amsterdam Mosquitoes"]
[BlackTeam "Estonia Horses"]
[WhiteFideId "1010891"]
[BlackFideId "4501950"]
[EventDate "2018.01.18"]

1. c4 c6 2. Nc3 d5 3. e3 Nf6 4. Nf3 e6 5. b3 Be7 6. Bb2 b6 7. d4 Bb7 8. Bd3 Nbd7
9. O-O c5 10. cxd5 exd5 11. Ne5 O-O 12. f4 Ne4 13. Nxe4 dxe4 14. Bc4 cxd4 15.
Qxd4 Nxe5 16. fxe5 Bc5 17. Qc3 Qe7 18. Rad1 Bc6 19. Rd6 Bxd6 20. exd6 Qg5 21.
Rf5 Qg6 22. h4 h6 23. h5 Qg3 24. Rf6 gxf6 25. Qxf6 Kh7 26. Bxf7 Qe1+ 27. Kh2
Qh4+ 28. Qxh4 Rxf7 29. Qg4 Rg8 30. Qe6 Bd7 31. Qxf7+ 1-0

[Event "PRO League Group Stage"]
[Site "chess.com INT"]
[Date "2018.02.04"]
[Round "4"]
[White "Spoelman, Wouter"]
[Black "Andreikin, Dmitry"]
[Result "0-1"]
[WhiteTitle "GM"]
[BlackTitle "GM"]
[WhiteElo "2578"]
[BlackElo "2712"]
[WhiteTeam "Amsterdam Mosquitoes"]
[BlackTeam "Volga Stormbringers"]
[WhiteFideId "1010891"]
[BlackFideId "4158814"]
[EventDate "2018.01.18"]

1. c4 e5 2. Nc3 h6 3. Nf3 Nc6 4. e3 d6 5. d4 g5 6. h3 Bg7 7. Be2 f5 8. O-O Nf6
9. b4 e4 10. Nd2 h5 11. f3 exf3 12. Nxf3 g4 13. Nh4 Ne4 14. Nxe4 Qxh4 15. Nf2 f4
16. b5 Ne7 17. exf4 gxh3 18. Bf3 Nf5 19. gxh3 Bxd4 20. Qe2+ Kf8 21. Bb2 Rg8+ 22.
Bg4 hxg4 0-1

[Event "PRO League Group Stage"]
[Site "chess.com INT"]
[Date "2018.02.04"]
[Round "4"]
[White "Zhou, Yang-Fan"]
[Black "Haldorsen, Benjamin"]
[Result "0-1"]
[WhiteTitle "IM"]
[BlackTitle "FM"]
[WhiteElo "2449"]
[BlackElo "2405"]
[WhiteTeam "London Lions"]
[BlackTeam "Oslo Trolls"]
[WhiteFideId "468584"]
[BlackFideId "1512633"]
[EventDate "2018.01.18"]

1. e4 e5 2. Nf3 Nc6 3. Bc4 Bc5 4. c3 Nf6 5. d3 a6 6. h3 Ba7 7. Nbd2 d6 8. Bb3
Ne7 9. Nf1 Ng6 10. Qe2 Be6 11. g4 Qd7 12. Ng3 Bxb3 13. axb3 h5 14. g5 Ng8 15.
Nf5 N8e7 16. N3h4 Nxh4 17. Nxh4 O-O-O 18. Be3 Bxe3 19. Qxe3 Kb8 20. Nf3 f5 21.
gxf6 gxf6 22. b4 f5 23. c4 fxe4 24. dxe4 Qc6 25. Nd2 Ng6 26. b5 axb5 27. Qa7+
Kc8 28. Rg1 Rhg8 29. Rg5 bxc4 30. Ra4 b5 31. Ra5 Kd7 32. Rxh5 Nf4 33. Rh7+ Ke6
34. Kf1 Ra8 35. Rh6+ Kf7 36. Rh7+ Kg6 37. Rxc7 Rxa7 38. Raxa7 Qe8 39. Nf3 Kf6
40. Nh4 Qh5 41. Nf5 Qd1# 0-1

[Event "PRO League Group Stage"]
[Site "chess.com INT"]
[Date "2018.02.04"]
[Round "4"]
[White "Zhou, Yang-Fan"]
[Black "Zwardon, Vojtech"]
[Result "1-0"]
[WhiteTitle "IM"]
[BlackTitle "IM"]
[WhiteElo "2449"]
[BlackElo "2412"]
[WhiteTeam "London Lions"]
[BlackTeam "Riga Magicians"]
[WhiteFideId "468584"]
[BlackFideId "325511"]
[EventDate "2018.01.18"]

1. e4 c5 2. Nf3 Nc6 3. Bb5 g6 4. Bxc6 dxc6 5. d3 Bg7 6. h3 Nf6 7. Nc3 O-O 8. Be3
b6 9. Qd2 e5 10. O-O Qd6 11. a4 Nh5 12. Ne2 f5 13. exf5 gxf5 14. Bg5 f4 15. a5
b5 16. Kh2 Be6 17. Nc3 Bd5 18. Ne4 Qg6 19. Be7 Rfe8 20. Nh4 Qh6 21. Bxc5 Bxe4
22. dxe4 Ng3 23. Nf5 Nxf1+ 24. Rxf1 Qe6 25. Rd1 Bf6 26. Qd7 a6 27. Rd6 Qxd7 28.
Rxd7 Bg5 29. Rg7+ Kh8 30. Rxg5 Rad8 31. Be7 Rxe7 32. Nxe7 h6 33. Rxe5 Rd2 34.
Rc5 Rxf2 35. Rxc6 f3 36. Kg3 Rxg2+ 37. Kxf3 Rh2 38. Kg4 Kg7 39. Nf5+ Kh7 40.
Rxh6+ Kg8 41. Rxa6 Rxc2 42. Rb6 Rxb2 43. a6 Ra2 44. e5 b4 45. Kg5 b3 46. e6 b2
47. Kf6 Rxa6 48. Rxb2 Kh7 49. Rb7+ Kg8 50. h4 Rc6 51. h5 Ra6 52. h6 Rc6 53. Ne7+ 1-0

[Event "PRO League Group Stage"]
[Site "chess.com INT"]
[Date "2018.02.04"]
[Round "4"]
[White "Gupta, Abhijeet"]
[Black "Yanchenko, Roman"]
[Result "1-0"]
[WhiteTitle "GM"]
[BlackTitle "FM"]
[WhiteElo "2610"]
[BlackElo "2436"]
[WhiteTeam "Delhi Dynamite"]
[BlackTeam "London Towers"]
[WhiteFideId "5010608"]
[BlackFideId "4137329"]
[EventDate "2018.01.18"]

1. Nf3 d5 2. g3 Nf6 3. Bg2 g6 4. b3 Bg7 5. Bb2 O-O 6. c4 e6 7. O-O b6 8. cxd5
exd5 9. d4 Ne4 10. Nc3 Bb7 11. e3 Nd7 12. Rc1 c5 13. Qe2 Rc8 14. Rfd1 Nxc3 15.
Bxc3 Re8 16. Qb2 c4 17. bxc4 Rxc4 18. Bb4 Nf6 19. Ne5 Rxc1 20. Rxc1 Ne4 21. Nc6
Qd7 22. Ne5 Qd8 23. Qc2 Qa8 24. Qa4 Rc8 25. Rxc8+ Qxc8 26. Qxa7 Bxe5 27. dxe5
Qc1+ 28. Bf1 Qc2 29. Qb8+ Bc8 30. Be1 Qc1 31. f3 Ng5 32. Kf2 Qc2+ 33. Be2 Kg7
34. Qxb6 Be6 35. Qb3 Qc1 36. Qc3 Qb1 37. a4 Qa2 38. a5 Nxf3 39. Kxf3 Bg4+ 40.
Kxg4 Qxe2+ 41. Kh3 Qf1+ 42. Kh4 Kh6 43. Qd2 g5+ 44. Kg4 Kg6 45. Qc2+ Kh6 46. Qf2
Qc4+ 47. Kh3 Qe4 48. Qf6+ Kh5 49. Qxf7+ Kh6 50. Qe6+ Kg7 51. Qf6+ Kg8 52. Qxg5+
Kf7 53. Qf4+ 1-0

[Event "PRO League Group Stage"]
[Site "chess.com INT"]
[Date "2018.02.04"]
[Round "4"]
[White "Gupta, Abhijeet"]
[Black "Spoelman, Wouter"]
[Result "1-0"]
[WhiteTitle "GM"]
[BlackTitle "GM"]
[WhiteElo "2610"]
[BlackElo "2578"]
[WhiteTeam "Delhi Dynamite"]
[BlackTeam "Amsterdam Mosquitoes"]
[WhiteFideId "5010608"]
[BlackFideId "1010891"]
[EventDate "2018.01.18"]

1. Nf3 d5 2. g3 Nf6 3. Bg2 c6 4. O-O Bg4 5. c4 e6 6. Qb3 Qb6 7. Qc2 Nbd7 8. d3
Bd6 9. cxd5 exd5 10. Nc3 O-O 11. e4 dxe4 12. dxe4 Ne5 13. Nxe5 Bxe5 14. Be3 Qa5
15. h3 Be6 16. f4 Bxc3 17. Qxc3 Qxc3 18. bxc3 Rfd8 19. Bd4 Bc4 20. Rfd1 b6 21.
a3 Kf8 22. g4 h6 23. Kf2 Ke7 24. Bf3 c5 25. Be5 Ne8 26. f5 f6 27. Bf4 Rxd1 28.
Rxd1 Rd8 29. Rxd8 Kxd8 30. h4 Nc7 31. Bd6 Ne8 32. Bf8 Kd7 33. Ke3 a5 34. Bd1 Kc6
35. Kf4 b5 36. e5 Nc7 37. Bf3+ Bd5 38. Bxg7 fxe5+ 39. Bxe5 Bxf3 40. Kxf3 Nd5 41.
h5 Nb6 42. g5 Nc4 43. Bg7 hxg5 44. h6 1-0

[Event "PRO League Group Stage"]
[Site "chess.com INT"]
[Date "2018.02.04"]
[Round "4"]
[White "Alekseenko, Kirill"]
[Black "Petrosyan, Manuel"]
[Result "1-0"]
[WhiteTitle "GM"]
[BlackTitle "GM"]
[WhiteElo "2594"]
[BlackElo "2570"]
[WhiteTeam "Stockholm Snowballs"]
[BlackTeam "Armenia Eagles"]
[WhiteFideId "4135539"]
[BlackFideId "13300857"]
[EventDate "2018.01.18"]

1. d4 Nf6 2. Nc3 d5 3. Bf4 a6 4. e3 Bf5 5. Nf3 e6 6. Ne5 Nfd7 7. Bd3 Nxe5 8.
Bxe5 Bg6 9. h4 Nd7 10. Bf4 Bd6 11. Qf3 Qf6 12. Bxd6 Qxf3 13. gxf3 cxd6 14. h5
Bxd3 15. cxd3 Ke7 16. Kd2 g6 17. e4 Nf6 18. hxg6 hxg6 19. f4 Rxh1 20. Rxh1 dxe4
21. dxe4 d5 22. f3 b5 23. a3 Rb8 24. b4 Rc8 25. Kd3 Nh5 26. Rh4 Rd8 27. Ne2 f5
28. e5 Rc8 29. Rh1 Kf7 30. Ra1 Rc4 31. Ra2 a5 32. bxa5 Ra4 33. Kc3 Ke7 34. Kb3
Kd7 35. Ra1 Rxa5 36. Rg1 Ra8 37. Rxg6 Ke7 38. Rh6 Ng7 39. Nc3 Rb8 40. Kb4 Rc8
41. Nxb5 Rc4+ 42. Kb3 Rc1 43. Nd6 Rf1 44. Rh3 Rd1 45. Kc3 Rc1+ 46. Kb4 Rd1 47.
Kc5 Rc1+ 48. Kb6 Rd1 49. Rh7 Kf8 50. Rh8+ Ke7 51. a4 Rxd4 52. Rg8 Nh5 53. Kc7
Rc4+ 54. Nxc4 dxc4 55. Rh8 Nxf4 56. Rh7+ Kf8 57. Kd6 c3 58. Rc7 Nd5 59. Rc8+ Kf7
60. a5 1-0

[Event "PRO League Group Stage"]
[Site "chess.com INT"]
[Date "2018.02.04"]
[Round "4"]
[White "Alekseenko, Kirill"]
[Black "Mohammad, Nubairshah Shaikh"]
[Result "0-1"]
[WhiteTitle "GM"]
[BlackTitle "IM"]
[WhiteElo "2594"]
[BlackElo "2380"]
[WhiteTeam "Stockholm Snowballs"]
[BlackTeam "Mumbai Movers"]
[WhiteFideId "4135539"]
[BlackFideId "5053196"]
[EventDate "2018.01.18"]

1. e4 c6 2. d4 d5 3. e5 c5 4. dxc5 e6 5. Nf3 Bxc5 6. Bd3 Nc6 7. O-O f6 8. Qe2
Qc7 9. exf6 Nxf6 10. Be3 Bd6 11. Nc3 a6 12. Na4 O-O 13. Nb6 Rb8 14. Nxc8 Rbxc8
15. Bb6 Qd7 16. c4 Nb4 17. cxd5 Nfxd5 18. Be4 Nxb6 19. Bxh7+ Kxh7 20. Ng5+ Kh6
21. Nxe6 Rf6 22. Rae1 Nc2 23. Qd2+ Bf4 24. Qxd7 Nxd7 25. Re4 Nc5 26. Nxc5 Rxc5
27. g3 Bb8 28. Rd1 Re5 29. Rh4+ Kg6 30. Rg4+ Kf7 31. Rd7+ Re7 32. Rxg7+ Kxg7 33.
Rxe7+ Rf7 34. Re8 Ba7 35. Re2 Nd4 36. Re4 Nc6 37. Re2 Re7 38. Rd2 Nd4 39. Kf1
Kg6 40. h4 Kf5 41. Rd3 Rc7 42. Re3 Rc2 43. Re7 Rxb2 44. h5 Nf3 45. Rf7+ Kg4 46.
Rf4+ Kxh5 47. Rxf3 Rxa2 48. Rf7 Rxf2+ 49. Rxf2 Bxf2 0-1

[Event "PRO League Group Stage"]
[Site "chess.com INT"]
[Date "2018.02.04"]
[Round "4"]
[White "Chizhikov, Vladislav"]
[Black "Connell, Blair N"]
[Result "0-1"]
[WhiteTitle "FM"]
[WhiteElo "2313"]
[BlackElo "2234"]
[WhiteTeam "Volga Stormbringers"]
[BlackTeam "London Towers"]
[WhiteFideId "4178157"]
[BlackFideId "403725"]
[EventDate "2018.01.18"]

1. e4 e5 2. Nf3 Nc6 3. Bc4 Nf6 4. O-O Nxe4 5. Nc3 Nxc3 6. dxc3 Be7 7. Qd5 O-O 8.
Nxe5 Nxe5 9. Qxe5 Bf6 10. Qg3 d5 11. Bd3 c6 12. Bf4 Be6 13. Rfe1 Qd7 14. Be5
Bxe5 15. Rxe5 f6 16. Qh4 g6 17. Re3 Kg7 18. Rae1 Rae8 19. Qd4 b6 20. Qa4 Bf7 21.
f3 Rxe3 22. Rxe3 Re8 23. Rxe8 Bxe8 24. Qf4 Qe7 25. Kf2 Qe5 26. Qe3 Qxe3+ 27.
Kxe3 c5 28. h4 h6 29. g3 g5 30. Bf5 Kf7 31. f4 Ke7 32. fxg5 fxg5 33. hxg5 hxg5
34. b4 Kf6 35. g4 Ke5 36. a3 Bc6 37. Bc8 d4+ 38. cxd4+ cxd4+ 39. Kd3 Be4+ 40.
Kd2 Kf4 41. Bd7 Bf3 42. Kd3 Bxg4 43. Bc6 Ke5 44. Bg2 Bf5+ 45. Kd2 Be4 46. Bh3
Kf4 47. c4 g4 48. Bf1 g3 49. c5 bxc5 50. bxc5 g2 51. Bxg2 Bxg2 52. Kd3 Ke5 53.
Kc4 Bc6 54. Kb4 Ke4 0-1

[Event "PRO League Group Stage"]
[Site "chess.com INT"]
[Date "2018.02.04"]
[Round "4"]
[White "Alekseenko, Kirill"]
[Black "Hansen, Torbjorn Ringdal"]
[Result "1-0"]
[WhiteTitle "GM"]
[BlackTitle "GM"]
[WhiteElo "2594"]
[BlackElo "2410"]
[WhiteTeam "Stockholm Snowballs"]
[BlackTeam "Norway Gnomes"]
[WhiteFideId "4135539"]
[BlackFideId "1501720"]
[EventDate "2018.01.18"]

1. e4 c6 2. d4 d5 3. e5 Bf5 4. Nd2 e6 5. Nb3 Nd7 6. Nf3 h6 7. Be2 Ne7 8. O-O g5
9. a4 Qc7 10. Bd2 a5 11. c4 dxc4 12. Bxc4 Nd5 13. Ne1 Bg7 14. Bd3 Bxd3 15. Nxd3
Qb6 16. Kh1 Nb4 17. Bxb4 axb4 18. Qd2 Bf8 19. f4 O-O-O 20. f5 Kb8 21. fxe6 fxe6
22. Rf7 c5 23. Qc2 cxd4 24. Qc4 h5 25. Rc1 Bh6 26. a5 Qc6 27. Qxc6 bxc6 28. Nxd4
g4 29. Nxc6+ Ka8 30. Rd1 Rc8 31. Ndxb4 1-0

[Event "PRO League Group Stage"]
[Site "chess.com INT"]
[Date "2018.02.04"]
[Round "4"]
[White "Vaibhav, Suri"]
[Black "Moussard, Jules"]
[Result "1-0"]
[WhiteTitle "GM"]
[BlackTitle "GM"]
[WhiteElo "2542"]
[BlackElo "2571"]
[WhiteTeam "Delhi Dynamite"]
[BlackTeam "Marseille Migraines"]
[WhiteFideId "5045185"]
[BlackFideId "642908"]
[EventDate "2018.01.18"]

1. Nf3 b6 2. g3 Bb7 3. Bg2 g6 4. O-O Bg7 5. d3 d5 6. e4 dxe4 7. Ng5 Nf6 8. Nc3
O-O 9. Ngxe4 Nxe4 10. Nxe4 Qc8 11. Re1 c5 12. Rb1 Nc6 13. a3 Rd8 14. Bd2 Qd7 15.
Bc3 Nd4 16. Nd2 Bxg2 17. Kxg2 Qc6+ 18. Nf3 e6 19. Re4 Rd5 20. Kg1 Rad8 21. Bxd4
cxd4 22. Ne1 b5 23. Qf3 a5 24. Re2 Qc5 25. h4 a4 26. Kg2 b4 27. axb4 Qxb4 28.
Ra1 h5 29. Ra2 Ra8 30. Qf4 Rc8 31. c4 Ra5 32. Nf3 Qb6 33. Qd2 Rca8 34. Qd1 Qc6
35. Re4 f5 36. Re1 e5 37. Kg1 Bf6 38. Nd2 R5a7 39. Qf3 Qxf3 40. Nxf3 Ra5 41. Kf1
Kf7 42. Nd2 Be7 43. Rea1 Bb4 44. Nf3 Kf6 45. Ne1 a3 46. bxa3 Bc3 47. Rb1 Rxa3
48. Rxa3 Rxa3 49. Rb6+ Ke7 50. Nf3 e4 51. dxe4 d3 52. exf5 Ra1+ 53. Kg2 gxf5 54.
Rb5 d2 55. Nxd2 Bxd2 56. Rxf5 Rc1 57. Rxh5 Rxc4 58. Rf5 Ke6 59. Rf3 Bc3 60. Kh3
Bf6 61. g4 Rc1 62. g5 Be5 63. Kg4 Rg1+ 64. Kh5 Rg2 65. Kg6 Bd4 66. h5 Bxf2 67.
Rf6+ Ke7 68. h6 Bd4 69. Rf4 Be5 70. Rf3 Ke6 71. Rf8 Bd4 72. Re8+ Kd7 73. Re4 Bc3
74. Re3 Bd2 75. Re5 Bf4 76. Rf5 Bc1 77. h7 Bb2 78. Rf6 Bxf6 79. Kxf6 Rh2 80. g6
Ke8 81. Kg7 Ke7 82. h8=Q 1-0

[Event "PRO League Group Stage"]
[Site "chess.com INT"]
[Date "2018.02.04"]
[Round "4"]
[White "Vaibhav, Suri"]
[Black "Barseghyan, Harutyun"]
[Result "1-0"]
[WhiteTitle "GM"]
[WhiteElo "2542"]
[BlackElo "2467"]
[WhiteTeam "Delhi Dynamite"]
[BlackTeam "Cannes Blockbusters"]
[WhiteFideId "5045185"]
[BlackFideId "13304585"]
[EventDate "2018.01.18"]

1. Nf3 d5 2. g3 Nc6 3. d4 Bf5 4. Bg2 e6 5. O-O Nb4 6. Na3 Be7 7. Bf4 Nf6 8. c3
Nc6 9. Qb3 Qc8 10. c4 O-O 11. Qa4 a6 12. Rac1 dxc4 13. Qxc4 Bxa3 14. bxa3 Be4
15. Rfd1 Nd5 16. Bd2 Nb6 17. Qc3 Bd5 18. Bf4 Qd8 19. Qc2 f5 20. a4 a5 21. a3 Qe7
22. Ne5 Nxe5 23. Bxe5 Bxg2 24. Kxg2 Nd5 25. Qb3 c6 26. Rc2 Rfd8 27. Rb1 Rd7 28.
Rc5 h6 29. Qc2 Qg5 30. Rb3 Qd8 31. Qb2 Ra7 32. Rd3 Qg5 33. Rb3 Qd8 34. Rxc6 bxc6
35. Rb8 Kh7 36. Rxd8 Rxd8 37. Qc2 Rc8 38. Qc5 Rd7 39. Qxa5 Ne7 40. Qa6 Kg8 41.
a5 Kf7 42. h4 g6 43. a4 c5 44. Qb5 Rd5 45. Qb7 c4 46. a6 c3 47. a7 c2 48. Bf4
Rxd4 49. Qxc8 Nxc8 50. a8=Q Rxf4 51. Qxc8 Rxa4 52. Qc7+ 1-0

[Event "PRO League Group Stage"]
[Site "chess.com INT"]
[Date "2018.02.04"]
[Round "4"]
[White "Alekseenko, Kirill"]
[Black "Lalith, Babu M R"]
[Result "1-0"]
[WhiteTitle "GM"]
[BlackTitle "GM"]
[WhiteElo "2594"]
[BlackElo "2542"]
[WhiteTeam "Stockholm Snowballs"]
[BlackTeam "Delhi Dynamite"]
[WhiteFideId "4135539"]
[BlackFideId "5024595"]
[EventDate "2018.01.18"]

1. e4 c6 2. d4 d5 3. e5 Bf5 4. Nf3 e6 5. Be2 Ne7 6. O-O Ng6 7. Be3 h5 8. Ne1 Nd7
9. Nd2 Ndxe5 10. dxe5 d4 11. Bxd4 Qxd4 12. Nc4 Qxd1 13. Rxd1 b5 14. Ne3 Be4 15.
Bd3 Bxd3 16. Nxd3 O-O-O 17. f4 Be7 18. f5 Bg5 19. Rde1 Ne7 20. fxe6 fxe6 21. Nc5
Rh6 22. Rf7 Rd5 23. Nxd5 Nxd5 24. Ne4 Be3+ 25. Kf1 Rg6 26. g3 Rg4 27. Nd6+ Kd8
28. Ke2 Bd4 29. Kf3 Bxb2 30. Rxa7 b4 31. Re4 Rg6 32. Rc4 1-0

[Event "PRO League Group Stage"]
[Site "chess.com INT"]
[Date "2018.02.04"]
[Round "4"]
[White "Chizhikov, Vladislav"]
[Black "Skuhala, Luka"]
[Result "1-0"]
[WhiteTitle "FM"]
[WhiteElo "2313"]
[BlackElo "2059"]
[WhiteTeam "Volga Stormbringers"]
[BlackTeam "Ljubljana Turtles"]
[WhiteFideId "4178157"]
[BlackFideId "14605678"]
[EventDate "2018.01.18"]

1. e4 c5 2. Nf3 d6 3. d4 cxd4 4. Nxd4 Nf6 5. Nc3 a6 6. Be3 e5 7. Nb3 Be7 8. f3
Be6 9. Qd2 h5 10. O-O-O Nbd7 11. h3 h4 12. Bg5 Qc7 13. Kb1 Rc8 14. f4 Bc4 15. f5
b5 16. a3 Rh5 17. Be3 Bxf1 18. Rhxf1 Nc5 19. Nxc5 dxc5 20. Nd5 Nxd5 21. Qxd5 Rd8
22. Qb3 c4 23. Qc3 f6 24. Rxd8+ Qxd8 25. Qe1 Kf7 26. Qe2 Rh8 27. Rd1 Qc7 28. Rd5
Rd8 29. Qh5+ Kg8 30. Qxh4 c3 31. Rxd8+ Qxd8 32. Qe1 cxb2 33. Qc3 Qa8 34. Qd3 Kf8
35. Kxb2 Qc6 36. g4 a5 37. h4 b4 38. axb4 Bxb4 39. g5 Be7 40. g6 a4 41. h5 Qb7+
42. Ka2 Qc6 43. h6 gxh6 44. Bxh6+ Ke8 45. Bc1 Kf8 46. c4 Qb7 47. Bh6+ Ke8 48. g7
Kf7 49. g8=Q+ Kxg8 50. Qg3+ Kf7 51. Qg6# 1-0

[Event "PRO League Group Stage"]
[Site "chess.com INT"]
[Date "2018.02.04"]
[Round "4"]
[White "Chizhikov, Vladislav"]
[Black "Dek, Lennart"]
[Result "1-0"]
[WhiteTitle "FM"]
[BlackTitle "FM"]
[WhiteElo "2313"]
[BlackElo "2279"]
[WhiteTeam "Volga Stormbringers"]
[BlackTeam "Amsterdam Mosquitoes"]
[WhiteFideId "4178157"]
[BlackFideId "1013114"]
[EventDate "2018.01.18"]

1. e4 c5 2. Nf3 Nc6 3. b3 Nf6 4. e5 Nd5 5. Bb2 g6 6. g3 Bg7 7. Bg2 d6 8. Qe2
Ndb4 9. Na3 Bg4 10. O-O-O Nxe5 11. d4 cxd4 12. Qb5+ Nbc6 13. Nxe5 dxe5 14. Qxb7
Na5 15. Qxa8 Qxa8 16. Bxa8 Bxd1 17. Rxd1 O-O 18. Bg2 Rc8 19. Kb1 Nc6 20. Nc4 e6
21. Re1 f6 22. Nd6 Rd8 23. Ba3 Nb8 24. Nc4 Nd7 25. Bd6 Nf8 26. Bc5 Rd7 27. a4
Kf7 28. a5 Rc7 29. Bd6 Rd7 30. Bc6 Rd8 31. a6 Nd7 32. Bc7 Rc8 33. Nd6+ 1-0

[Event "PRO League Group Stage"]
[Site "chess.com INT"]
[Date "2018.02.04"]
[Round "4"]
[White "Bordi, Kevin"]
[Black "Chizhikov, Vladislav"]
[Result "0-1"]
[BlackTitle "FM"]
[WhiteElo "2282"]
[BlackElo "2313"]
[WhiteTeam "Cannes Blockbusters"]
[BlackTeam "Volga Stormbringers"]
[WhiteFideId "621862"]
[BlackFideId "4178157"]
[EventDate "2018.01.18"]

1. d4 d5 2. Nf3 c6 3. Bf4 Bf5 4. e3 e6 5. c4 Qb6 6. Qb3 dxc4 7. Bxc4 Nd7 8. O-O
Ngf6 9. Nc3 Qxb3 10. Bxb3 Nh5 11. Bg5 h6 12. Bh4 g5 13. Bg3 Nxg3 14. hxg3 Bg7
15. Rfd1 Bg4 16. Rd2 O-O-O 17. Bc2 Kb8 18. Nh2 Bh5 19. g4 Bg6 20. Bxg6 fxg6 21.
Nf3 Nb6 22. Ne4 Rhe8 23. Rad1 Kc7 24. Nc5 e5 25. dxe5 Rxd2 26. Rxd2 Bxe5 27. a4
Bd6 28. Nd3 Nxa4 29. e4 Rxe4 30. g3 b5 31. Kg2 Nb6 32. b3 Nd5 33. Rc2 Kb6 34.
Nd2 Rxg4 35. Kh3 Rd4 36. Ne1 g4+ 37. Kg2 Nb4 38. Rb2 h5 39. Nf1 a5 40. Ne3 Be5
41. Re2 Bc7 42. Rb2 Bd8 43. Kf1 Bg5 44. Ke2 Re4 45. Rb1 Nd5 46. Nc2 Nc3+ 47. Kd3
Rxe3+ 48. fxe3 Nxb1 49. Nd4 Bf6 50. Ne6 a4 51. bxa4 bxa4 52. Kc2 Na3+ 53. Kc1
Nc4 54. e4 a3 55. Kb1 Be5 56. Ka2 Bxg3 57. Kb3 h4 58. Nd4 h3 59. Ne2 Be5 60. Ka2
h2 61. Nc3 h1=Q 62. Nd1 Qxe4 63. Ne3 Qxe3 0-1

[Event "PRO League Group Stage"]
[Site "chess.com INT"]
[Date "2018.02.04"]
[Round "4"]
[White "Bordi, Kevin"]
[Black "Stokke, Kjetil"]
[Result "1/2-1/2"]
[BlackTitle "IM"]
[WhiteElo "2282"]
[BlackElo "2336"]
[WhiteTeam "Cannes Blockbusters"]
[BlackTeam "Oslo Trolls"]
[WhiteFideId "621862"]
[BlackFideId "1502964"]
[EventDate "2018.01.18"]

1. d4 g6 2. Nf3 Bg7 3. Bf4 d6 4. e3 Nd7 5. Be2 e5 6. Bg3 Nh6 7. h3 f6 8. c4 O-O
9. O-O Nf7 10. Nc3 c6 11. b4 Qe7 12. Qb3 f5 13. dxe5 Ndxe5 14. Rad1 Nxf3+ 15.
Bxf3 Ne5 16. Be2 Be6 17. b5 Rfd8 18. Qb4 Rd7 19. Rd2 Qf7 20. bxc6 bxc6 21. Rxd6
Rxd6 22. Qxd6 Nxc4 23. Bxc4 Bxc4 24. Qxc6 Rd8 25. Rc1 Qe6 26. Qxe6+ Bxe6 27. Nb5
Bxa2 28. Nxa7 Rd7 29. Nc6 Bd5 30. Ne5 Bxe5 31. Bxe5 Kf7 32. Kh2 g5 33. f3 Ke6
34. Bd4 f4 35. exf4 gxf4 36. Re1+ Kf7 37. Be5 Re7 38. g3 fxg3+ 39. Kxg3 Kg6 40.
f4 Kf5 41. Rd1 Rd7 42. Ra1 Be6 43. Ra3 Rd1 44. Re3 Bd5 45. Kf2 1/2-1/2

[Event "PRO League Group Stage"]
[Site "chess.com INT"]
[Date "2018.02.04"]
[Round "4"]
[White "Hansen, Torbjorn Ringdal"]
[Black "Gunnarsson, Jon Viktor"]
[Result "1-0"]
[WhiteTitle "GM"]
[BlackTitle "IM"]
[WhiteElo "2410"]
[BlackElo "2466"]
[WhiteTeam "Norway Gnomes"]
[BlackTeam "Reykjavik Puffins"]
[WhiteFideId "1501720"]
[BlackFideId "2300931"]
[EventDate "2018.01.18"]

1. e4 c5 2. Nf3 Nc6 3. d4 cxd4 4. Nxd4 g6 5. c4 Bg7 6. Nc2 Nf6 7. Nc3 O-O 8. Be2
b6 9. O-O Bb7 10. Be3 Rc8 11. f3 d6 12. Qd2 Re8 13. Rac1 a6 14. Rfd1 Nd7 15. b3
Nc5 16. Nd5 e6 17. Ndb4 Be5 18. Nxc6 Bxc6 19. Bg5 Qc7 20. b4 Na4 21. Ne3 Bb2 22.
Ng4 f5 23. exf5 exf5 24. Nf6+ Bxf6 25. Bxf6 Qf7 26. Ba1 Qe7 27. Bf1 Rcd8 28. Re1
Qh4 29. Rxe8+ Bxe8 30. c5 dxc5 31. Qe2 Qh6 32. Qe5 Qf8 33. Bc4+ 1-0